000
00326nam a22001097a 4500
040
_c
SK
082
_a
318
100
_a
អ៊ុន ប៊ុនលាង
245
_a
បរិញ្ញាប័ត្រវិទ្យាសាស្រ្តគណិតវិទ្យា
260
_a
RUA
_b
អ៊ុន
_c
2001
942
_c
KB
999
_c
10363
_d
10363